000 00834nam a2200313Ia 4500
001 Z_2997
003 CHAP
008 220113s1994 xx 000 0 und d
010 _a166084
040 _cCHAP
082 _a664.92 P7y
100 _aPrice, James F.
_991580
245 _aCiencia de la carne y de los productos cárnicos /
_cpor James F. Price y Bernard S. Schweigert
260 _aZaragoza :
_bAcribia,
_c1994
300 _a581 p.
440 _a
500 _aTrad. De : 3 ed. De The sciences of mear and meat products
503 _a200508, 209959
650 _aCarne
_919053
650 _aCarne
_xConservación
_919066
650 _aCarne
_xIndustria
_919079
650 _aCarne
_xMercadeo
_919090
901 _a664.92 P7y
902 _aA
910 _a1994
942 _c1
942 _cc1
999 _c166084
_d166084